[Event "Bogota op 01"]
[Site "Bogota"]
[Date "2012.01.26"]
[Round "2"]
[White "Duarte Ariza, Andres Javier"]
[Black "Salcedo, Jackeline"]
[Result "1-0"]
[WhiteElo "1627"]
[BlackElo "1938"]
[PlyCount "31"]
[EventDate "2012.01.26"]
[EventType "swiss"]
[EventRounds "7"]
[EventCountry "COL"]
[SourceTitle "CBM 146 Extra"]
[Source "ChessBase"]
[SourceDate "2012.02.29"]
[SourceVersion "1"]
[SourceVersionDate "2012.02.29"]
[SourceQuality "1"]

1. d4 d5 2. c4 c6 3. e3 Nf6 4. Nc3 e6 5. Nf3 Nbd7 6. Bd3 Bd6 7. Bd2 0-0 8. Qc2 dxc4 9. Bxc4 b5 10. Bd3 a6 11. Ne4 Qc7 12. Nxd6 Qxd6 13. a3 Qc7 14. Bb4 Re8 15. Ng5 h6 16. Bh7+ 1-0